Halo 5: Guardians Weapons Quiz - Statistics

General Stats
  • This quiz has been taken 135 times
  • The average score is 4 of 10
Answer Stats
Description REQ Level Weapon % Correct
This sniper rifle variant is used by Linda, a spartan on Blue Team. This can kill an enemy spartan in one shot with the given damage boost. 7 Nornfang
76%
This melee weapon is used by the Elite Arbiter in all Halo games and gives the user camouflage, providing easy stealth and easy kills. 6 Prophet's Bane
70%
Using this melee weapon with active camouflage can be a tactic known as "Poor Man's Bane." 3 Ravening Sliver
70%
This small weapon is carried by many Grunts and Jackals in the campaigns of most Halo games. It can be used to destroy an enemy's shield. Shooting a charged blast to take down opponents' shields and killing them with a headshot gives you a medal called, "Noob Combo." 1 Plasma Pistol
64%
This is a must have for many Halo players, as this loadout weapon is nice to use when dealing with spartans from long range. It is also many players favorite weapon to use in the game mode Infection; mainly because it is so broken. 5 DMR
55%
This weapon is one of the very few mythic weapons that are in Halo 5: Guardians. Once you hit the ground with it, extra charges arise in a path which can kill enemy spartans with ease, even if you are not right up on them. This was also used by a Brute in Halo 3. 7 Tartarus' Gavel
30%
This semi-automatic weapon deals damage with exploding warheads when coming into contact with an enemy. It is considered one of the best Warzone weapons to use when capturing enemy bases and one-on-one combat. 6 The Answer
26%
This long-ranged weapon can fire faster than its normal REQ variant, and can kill a spartan in three headshots. Sometimes, these three shots can be counted as a perfect kill. 4 Barbed Lance
18%
My personal favorite weapon of Halo 5: Guardians. This weapon can kill a spartan in 2 shots, and can track an enemy when you are using the smart link. It also fires very quickly and has decent range, which makes it a very good option for such a low level REQ, being only level 5. 5 Typhon
11%
This level 6 REQ does immense damage to vehicles, and can damage spartans when charging up and can also incinerate others when used. It was originally a level 7 REQ, but changed to a level 6 REQ after an update. 6 Selene's Lance
8%
No matching quizzes found
Score Distribution
Percent of People with Each Score
Percentile by Number Answered
Your Score History
You have not taken this quiz